| 000 | 01039nam0a22002531 4500 | ||
|---|---|---|---|
| 001 | rc\2773456 | ||
| 005 | 20250806204510.0 | ||
| 035 | _a(NLR Aleph) 006899781 | ||
| 090 |
_a28559 _c28559 |
||
| 100 | _a20110915d1941 u y0rusy50 ca | ||
| 101 | 0 | _arus | |
| 102 | _aRU | ||
| 105 | _aa z ||||| | ||
| 200 | 1 |
_aПростейшие защитные устройства первых этажей общественных зданий и жилых домов от осколков и действий взрывной волны _fГлав. упр. местной противовоздушной обороны НКВД СССР |
|
| 210 |
_aМосква _aЛенинград _cИзд-во Наркомхоза РСФСР _d1941 |
||
| 215 |
_a16 с. _cил., черт. _d22 см. |
||
| 300 | _aНапеч. в Москве | ||
| 801 | 0 |
_aRU _bNLR _gpsbo |
|
| 801 | 1 |
_aRU _bELAR _2rusmarc |
|
| 852 |
_aNLR _jВ60 Г-6/62 |
||
| 942 | _cBOOK | ||
| 945 | _aРоссийская национальная библиотека | ||
| 980 | _aNB | ||
| 980 | _aBV | ||